Inflacija. Kratkij speckurs.

IV. Boj s infláciou. Podstata antiinflačnej stratégie: prekonávanie inflačných očakávaní založené na upevňovaní mechanizmov trhového systému a snahe vlády, odstrániť neregulovanú infláciu, druhým prvkom antiinflačnej politiky je dlhodobá peňažná politika. Nástroje peňažných reštrikcií. Snaha minimal...

Descripción completa

Guardado en:
Detalles Bibliográficos
Autor principal: Livšic, A.
Formato: Capítulo de libro
Lenguaje:ruso
Materias:
Etiquetas: Agregar Etiqueta
Sin Etiquetas, Sea el primero en etiquetar este registro!

MARC

LEADER 00000naa a2200000 4500
001 r010331
005 20221130113205.3
041 0 |a rus 
044 |a [SU] 
245 1 0 |a Inflacija.  |b Kratkij speckurs.  |c A. Livšic 
520 |a IV. Boj s infláciou. Podstata antiinflačnej stratégie: prekonávanie inflačných očakávaní založené na upevňovaní mechanizmov trhového systému a snahe vlády, odstrániť neregulovanú infláciu, druhým prvkom antiinflačnej politiky je dlhodobá peňažná politika. Nástroje peňažných reštrikcií. Snaha minimalizovať vonkajšie inflačné impulzy ako ďalšia úloha antiinflačnej politiky. Metódy krátkodobej a dlhodobej antiinflačnej politiky. Možnosti hyperinflácie. 
610 2 0 |a inflácia 
610 2 0 |a mechanizmus hospodársky 
610 2 0 |a politika finančná 
610 2 0 |a nástroje finančné 
100 1 |a Livšic, A.